ha-Irgun ha-munitsipali shel meṭropolin Yerushalayim : ḥalufot raʻyoniyot /

Saved in:
நூற்பட்டியல் விவரங்கள்
தலைமை எழுத்தாளர்: Hasson, Shlomo.
குழும எழுத்தாளர்கள்: Tseṿet ha-ḥashivah shel Mekhon Yeushalayim le-ḥeḳer Yiśraʾel li-sheʾelat hesder ha-ḳevaʻ bi-Yerushalayim., Mekhon Yerushalayim le-ḥeḳer Yiśraʾel.
வடிவம்: புத்தகம்
மொழி:Hebrew
வெளியீடப்பட்டது: Yerushalayim : Mekhon Yerushalayim le-ḥeḳer Yiśraʾel, 1997.
தொகுதி:Dape reḳaʻ le-ḳovʻe mediniyut (1997) ; mis. 07.
Mi-pirsume Tseṿet ha-ḥashivah ṿeha-meḥḳar le-hesderim geʾopoliṭiyim bi-Yerushalayim.
பகுதிகள்:
குறியீடுகள்: குறிச்சொல் இணை
குறியீடுகள் இல்லை, இந்த குறிச்சொல்லை முதலில் பதிவு செய்யுங்கள்!
LEADER 01497nam a2200325 a 4500
001 007784362-2
005 20020606104010.5
008 980506s1997 is b 000 0 heb d
035 0 |a ocm39804995 
035 1 |a MHAG98B483 
035 1 |z NYPH98B163 
040 |a NNJ  |c NNJ  |d NN  |d MH 
043 |a a-is--- 
100 1 |a Hasson, Shlomo. 
245 1 3 |a ha-Irgun ha-munitsipali shel meṭropolin Yerushalayim :  |b ḥalufot raʻyoniyot /  |c Shelomoh Ḥason. 
246 1 |i Title on t.p. verso:  |a Municipal organization of the Jerusalem Metropolitan Area :  |b conceptual alternatives 
260 |a Yerushalayim :  |b Mekhon Yerushalayim le-ḥeḳer Yiśraʾel,  |c 1997. 
300 |a 38 p. ;  |c 25 cm. 
490 1 |a Dape reḳaʻ le-ḳovʻe mediniyut (1997) ;  |v mis. 07 
490 1 |a Mi-pirsume Tseṿet ha-ḥashivah ṿeha-meḥḳar le-hesderim geʾopoliṭiyim bi-Yerushalayim 
504 |a Includes bibliographical references. 
650 0 |a Metropolitan government  |z Jerusalem Metropolitan Area. 
651 0 |a Jerusalem Metropolitan Area  |x Politics and government. 
710 2 |a Tseṿet ha-ḥashivah shel Mekhon Yeushalayim le-ḥeḳer Yiśraʾel li-sheʾelat hesder ha-ḳevaʻ bi-Yerushalayim. 
710 2 |a Mekhon Yerushalayim le-ḥeḳer Yiśraʾel. 
752 |a Israel  |d Jerusalem 
830 0 |a Dape reḳaʻ le-ḳovʻe mediniyut (1997) ;  |v mis. 07. 
830 0 |a Mi-pirsume Tseṿet ha-ḥashivah ṿeha-meḥḳar le-hesderim geʾopoliṭiyim bi-Yerushalayim. 
988 |a 20020608 
906 |0 RLIN